000
00327nam a22001337a 4500
008
170215b xxu||||| |||| 00| 0 eng d
020
_a
9780781745901
041
_a
eng
080
_2
7TH
_a
61
100
_a
4
101
_a
SHM
245
_a
ACSM'S GUIDELINES FOR EXERCISE TESTING AND PRESCRIPTION
_c
WHALEY, M.H
942
_2
udc
_c
BK
999
_c
5605
_d
5605